000 00562nam a2200181Ia 4500
008 151018s9999 xx 000 0 und d
082 _bRBASDV47756
_a612.2
100 _aशरद इंदुरखा
245 _aश्वसन सहंती
250 _b1
260 _bबिंदिया प्रकाशन
_c2008
300 _a16
600 _aशरद इंदुरखा
630 _aश्वसन सहंती
700 _aशरद इंदुरखा
730 _aश्वसन सहंती
942 _cBOOK
999 _c1046888
_d1046885